<?xml version="1.0" encoding="UTF-8"?>
<record
    xmlns:xsi="http://www.w3.org/2001/XMLSchema-instance"
    xsi:schemaLocation="http://www.loc.gov/MARC21/slim http://www.loc.gov/standards/marcxml/schema/MARC21slim.xsd"
    xmlns="http://www.loc.gov/MARC21/slim">

  <leader>01322nam0a2200301   4500</leader>
  <controlfield tag="001">RU\NLR\BIBL_A\011349038</controlfield>
  <controlfield tag="005">20260405193037.0</controlfield>
  <datafield tag="010" ind1=" " ind2=" ">
    <subfield code="a">978-5-7429-0780-0</subfield>
    <subfield code="9">1000</subfield>
  </datafield>
  <datafield tag="021" ind1=" " ind2=" ">
    <subfield code="a">RU</subfield>
    <subfield code="b">2017-101964</subfield>
    <subfield code="9">7356</subfield>
  </datafield>
  <datafield tag="021" ind1=" " ind2=" ">
    <subfield code="a">RU</subfield>
    <subfield code="b">2017-10544</subfield>
    <subfield code="9">777</subfield>
  </datafield>
  <datafield tag="035" ind1=" " ind2=" ">
    <subfield code="a">(NLR Aleph) 011349038</subfield>
  </datafield>
  <datafield tag="090" ind1=" " ind2=" ">
    <subfield code="a">11234771</subfield>
    <subfield code="c">11234771</subfield>
  </datafield>
  <datafield tag="100" ind1=" " ind2=" ">
    <subfield code="a">20170320d2017    |||y0rusy50      ca</subfield>
  </datafield>
  <datafield tag="101" ind1="1" ind2=" ">
    <subfield code="a">rus</subfield>
  </datafield>
  <datafield tag="102" ind1=" " ind2=" ">
    <subfield code="a">RU</subfield>
  </datafield>
  <datafield tag="105" ind1=" " ind2=" ">
    <subfield code="a">a   w|||000zy</subfield>
  </datafield>
  <datafield tag="200" ind1="1" ind2=" ">
    <subfield code="a">&#x41F;&#x43E;&#x441;&#x43B;&#x435;&#x434;&#x43E;&#x432;&#x430;&#x43D;&#x438;&#x435; &#x421;&#x442;&#x440;&#x430;&#x441;&#x442;&#x435;&#x439; &#x413;&#x43E;&#x441;&#x43F;&#x43E;&#x434;&#x43D;&#x438;&#x445;</subfield>
    <subfield code="e">&#x431;&#x43E;&#x433;&#x43E;&#x441;&#x43B;&#x443;&#x436;&#x435;&#x43D;&#x438;&#x44F; &#x412;&#x435;&#x43B;&#x438;&#x43A;&#x43E;&#x433;&#x43E; &#x447;&#x435;&#x442;&#x432;&#x435;&#x440;&#x433;&#x430;, &#x412;&#x435;&#x43B;&#x438;&#x43A;&#x43E;&#x439; &#x43F;&#x44F;&#x442;&#x43D;&#x438;&#x446;&#x44B; &#x438; &#x412;&#x435;&#x43B;&#x438;&#x43A;&#x43E;&#x439; &#x441;&#x443;&#x431;&#x431;&#x43E;&#x442;&#x44B;</subfield>
    <subfield code="f">[&#x43F;&#x435;&#x440;&#x435;&#x432;&#x43E;&#x434; &#x441; &#x433;&#x440;&#x435;&#x447;&#x435;&#x441;&#x43A;&#x43E;&#x433;&#x43E;: &#x42E;&#x440;&#x438;&#x439; &#x422;&#x435;&#x440;&#x435;&#x43D;&#x442;&#x44C;&#x435;&#x432;]</subfield>
  </datafield>
  <datafield tag="210" ind1=" " ind2=" ">
    <subfield code="a">&#x41C;&#x43E;&#x441;&#x43A;&#x432;&#x430;</subfield>
    <subfield code="c">&#x41F;&#x440;&#x430;&#x432;&#x43E;&#x441;&#x43B;&#x430;&#x432;&#x43D;&#x44B;&#x439; &#x421;&#x432;&#x44F;&#x442;&#x43E;-&#x422;&#x438;&#x445;&#x43E;&#x43D;&#x43E;&#x432;&#x441;&#x43A;&#x438;&#x439; &#x433;&#x443;&#x43C;&#x430;&#x43D;&#x438;&#x442;&#x430;&#x440;&#x43D;&#x44B;&#x439; &#x443;&#x43D;&#x438;&#x432;&#x435;&#x440;&#x441;&#x438;&#x442;&#x435;&#x442;</subfield>
    <subfield code="d">2017</subfield>
  </datafield>
  <datafield tag="215" ind1=" " ind2=" ">
    <subfield code="a">311, [2] &#x441;.</subfield>
    <subfield code="c">&#x438;&#x43B;.</subfield>
    <subfield code="d">17</subfield>
  </datafield>
  <datafield tag="225" ind1="1" ind2=" ">
    <subfield code="a">&#x41F;&#x440;&#x430;&#x432;&#x43E;&#x441;&#x43B;&#x430;&#x432;&#x43D;&#x43E;&#x435; &#x431;&#x43E;&#x433;&#x43E;&#x441;&#x43B;&#x443;&#x436;&#x435;&#x43D;&#x438;&#x435;</subfield>
  </datafield>
  <datafield tag="606" ind1="1" ind2=" ">
    <subfield code="a">&#x411;&#x43E;&#x433;&#x43E;&#x441;&#x43B;&#x443;&#x436;&#x435;&#x43D;&#x438;&#x435; &#x43F;&#x440;&#x430;&#x432;&#x43E;&#x441;&#x43B;&#x430;&#x432;&#x43D;&#x43E;&#x435;</subfield>
    <subfield code="9">1548697</subfield>
    <subfield code="3">RU\NLR\AUTH\66977026</subfield>
  </datafield>
  <datafield tag="686" ind1="2" ind2=" ">
    <subfield code="a">&#x42D;372.24-50</subfield>
  </datafield>
  <datafield tag="702" ind1=" " ind2="1">
    <subfield code="4">730</subfield>
    <subfield code="8">rus</subfield>
    <subfield code="7">ca</subfield>
    <subfield code="a">&#x422;&#x435;&#x440;&#x435;&#x43D;&#x442;&#x44C;&#x435;&#x432;</subfield>
    <subfield code="b">&#x42E;. &#x421;.</subfield>
    <subfield code="c">&#x43F;&#x435;&#x440;&#x435;&#x432;&#x43E;&#x434;&#x447;&#x438;&#x43A;</subfield>
    <subfield code="g">&#x42E;&#x440;&#x438;&#x439; &#x421;.</subfield>
    <subfield code="3">RU\NLR\AUTH\7784892</subfield>
    <subfield code="9">67820</subfield>
  </datafield>
  <datafield tag="942" ind1=" " ind2=" ">
    <subfield code="c">BOOK</subfield>
  </datafield>
  <datafield tag="980" ind1=" " ind2=" ">
    <subfield code="a">NB</subfield>
  </datafield>
  <datafield tag="995" ind1=" " ind2=" ">
    <subfield code="5">2017-03-20</subfield>
    <subfield code="a">ad</subfield>
    <subfield code="b">NLR01</subfield>
    <subfield code="c">NLR01</subfield>
    <subfield code="e">RF31</subfield>
    <subfield code="f">1-1786631</subfield>
    <subfield code="k">2017-2/596</subfield>
    <subfield code="o">0</subfield>
    <subfield code="r">BOOK</subfield>
    <subfield code="s">20172596_</subfield>
  </datafield>
  <datafield tag="995" ind1=" " ind2=" ">
    <subfield code="5">2017-03-20</subfield>
    <subfield code="a">ad</subfield>
    <subfield code="b">NLR01</subfield>
    <subfield code="c">NLR01</subfield>
    <subfield code="e">OBM</subfield>
    <subfield code="f">1-1786632</subfield>
    <subfield code="o">0</subfield>
    <subfield code="p">100.00</subfield>
    <subfield code="r">BOOK</subfield>
  </datafield>
  <datafield tag="995" ind1=" " ind2=" ">
    <subfield code="5">2018-01-31</subfield>
    <subfield code="a">ad</subfield>
    <subfield code="b">NLR01</subfield>
    <subfield code="c">NLR01</subfield>
    <subfield code="e">OBM</subfield>
    <subfield code="f">1-2168698</subfield>
    <subfield code="o">0</subfield>
    <subfield code="r">BOOK</subfield>
  </datafield>
  <datafield tag="995" ind1=" " ind2=" ">
    <subfield code="5">2018-01-31</subfield>
    <subfield code="a">ad</subfield>
    <subfield code="b">NLR01</subfield>
    <subfield code="c">NLR01</subfield>
    <subfield code="e">OBM</subfield>
    <subfield code="f">1-2168699</subfield>
    <subfield code="o">0</subfield>
    <subfield code="r">BOOK</subfield>
  </datafield>
</record>
